| 000 | 00791nam a2200241 i 4500 | ||
|---|---|---|---|
| 001 | 135390 | ||
| 003 | ES-MaACL | ||
| 005 | 20240126063013.0 | ||
| 007 | t| | ||
| 008 | 070717s1926 fr ||||1| fre d | ||
| 100 | 1 |
_aTolstói, Lev, _d1828-1910 _9110489 |
|
| 245 | 1 | 0 |
_aJournal intime (1852-1865) / _cLev Nikolaevich Tolstoï ; traduction Jean Chuzeville et Wladimir Pozner ; préface et notices de T. Polner ; notes de A. Khiriakov. |
| 260 |
_aParis : _bEugene Fasquelle, _c1926. |
||
| 300 |
_aXVIII, 198 p. : _bil. ; _c20 cm. |
||
| 500 | _at. 1º. | ||
| 500 | _aRet. aut. | ||
| 700 | 1 |
_aChuzeville, Jean. _938724 |
|
| 700 | 1 |
_aWladimir, Pozner. _9117201 |
|
| 700 | 1 |
_aPolner; T. _992853 |
|
| 700 | 1 |
_aKhiriakov, A. _967991 |
|
| 852 |
_aES-MaACL _jB-13438 |
||
| 999 |
_c135390 _d135390 |
||